El cantar de los cantares
Պահպանված է:
| Հիմնական հեղինակ: | |
|---|---|
| Ձևաչափ: | Գիրք |
| Լեզու: | իսպաներեն |
| Հրապարակվել է: |
Pamplona
Asociación Bíblica Española
1999
|
| Շարք: | Colección Verbo Divino, 22
|
| Խորագրեր: | |
| Ցուցիչներ: |
Ավելացրեք ցուցիչ
Չկան պիտակներ, Եղեք առաջինը, ով նշում է այս գրառումը!
|
MARC
| LEADER | 00000nam a2200000 a 4500 | ||
|---|---|---|---|
| 001 | UCO1773 | ||
| 003 | CL-VaPUC | ||
| 008 | 000519e19990000SP |||||||||||||||||spa|d | ||
| 082 | 0 | 4 | |a 223.9 |b MOR |2 21 |
| 100 | |a Morla-Asensio, Víctor |e autor |9 444278 | ||
| 245 | 1 | 3 | |a El cantar de los cantares |
| 300 | |a 72 p | ||
| 942 | |c BK | ||
| 945 | |d 20000519 00:00:00 |a rbrito | ||
| 260 | |a Pamplona |b Asociación Bíblica Española |c 1999 | ||
| 650 | 7 | |a POESIAS HEBREAS |2 CL-VaPUC |9 266387 | |
| 650 | 7 | |a CANTAR DE LOS CANTARES |2 CL-VaPUC |9 444279 | |
| 583 | |a last modification |c 20130618 07:37:58 |k Rodrigo Vera | ||
| 490 | 0 | |a Colección Verbo Divino, 22 | |
| 999 | |c 288369 |d 288367 | ||
| 952 | |0 0 |1 2 |4 0 |6 223_900000000000000_MOR_1999 |7 0 |8 A |9 336008 |a BIBTEO |b BIBTEO |d 2019-11-20 |i 3608638 |o 223.9 MOR 1999 |p 3608638 |r 2019-11-20 |w 2019-11-20 |y BK |k ICR | ||